| 000 | 00670nam 22002053 4500 | ||
|---|---|---|---|
| 001 | 197607 | ||
| 010 | _a978-972-20-8101-6 | ||
| 021 | _b525723/23 | ||
| 090 | _a197607 | ||
| 100 | _a20250826d u||y0pory50 ba | ||
| 200 |
_aVemo-nos em agosto _fGabriel García Marquez _gedição ao cuidado de Cristóbal Pera _gtradução de J. Teixeira de Aguilar |
||
| 205 | _a1ª | ||
| 210 |
_aAlfragide _cPublicações Dom Quixote _d2024 |
||
| 215 |
_a116 p. _cbrochado _d23 cm |
||
| 606 |
_9979 _aLiteratura Colombiana |
||
| 675 |
_a821.134.2(862)-3 _vPT _zpor |
||
| 700 |
_92213 _aGarcía Márquez _bGabriel _f1927-2014 |
||
| 801 |
_aPT _bBMMN _gRPC |
||
| 830 |
_cFernando _fFernando |
||
| 990 | _cLIVROS | ||